Haffuferbahn
| Titel: | Haffuferbahn : Historia Kolei Nadzalewowej do 1945 roku / Magdalena Pasewicz-Rybacka |
|---|---|
| Verfasser: | |
| Ausgabe: | 1. Auflage |
| Veröffentlicht: | Grajewo : Eko-Dom, 2020 |
| Umfang: | 141 Seiten : Illustrationen, Karten |
| Format: | Buch |
| Sprache: | Polnisch |
| ISBN: | 9788395738463 |
| Hinweise zum Inhalt: |
Inhaltsverzeichnis
Abstract Cover Buch Bibliographie |
alg: 50992203 001A $03004:26-07-23 001B $01999:12-12-24 $t02:50:21.000 001D $03004:16-08-23 001U $0utf8 001X $00 002@ $0Aau 002C $aText $btxt $2rdacontent 002C $aunbewegtes Bild $bsti $2rdacontent 002D $aohne Hilfsmittel zu benutzen $bn $2rdamedia 002E $aBand $bnc $2rdacarrier 003@ $0509922031 004A $A978-83-957384-6-3 006C $01348177356 $aOCoLC 007A $0BV047506436 $aBVB 007G $0DE020AFD7177E96EF918FC1258A75002E046C 009P $qapplication/pdf $A2 $3Inhaltsverzeichnis $uhttp://scans.hebis.de/HEBCGI/show.pl?50992203_toc.pdf $mV:DE-603;B:DE-Mb50 009P $qapplication/pdf $A2 $3Abstract $uhttp://scans.hebis.de/HEBCGI/show.pl?50992203_sum.pdf $mV:DE-603;B:DE-Mb50 009P $qapplication/pdf $A2 $3Cover $uhttp://scans.hebis.de/HEBCGI/show.pl?50992203_cov.pdf $mV:DE-603;B:DE-Mb50 009P $qapplication/pdf $A2 $3Buch Bibliographie $uhttp://scans.hebis.de/HEBCGI/show.pl?50992203_bib.pdf $mV:DE-603;B:DE-Mb50 010@ $apol 010E $erda 011@ $a2020 $n2020 021A $aHaffuferbahn $dHistoria Kolei Nadzalewowej do 1945 roku $hMagdalena Pasewicz-Rybacka 028A $BVerfasser $4aut $8Pasewicz-Rybacka, Magdalena [Tnu] $9510646557 032@ $a1. Auflage 033A $pGrajewo $nEko-Dom 034D $a141 Seiten 034M $aIllustrationen, Karten 037A $aLiteraturverzeichnis Seite 135-139 044K $REisenbahnanlage $REisenbahnnetz $REisenbahnlinie $#Schienenstrecke $#Bahnstrecke $77850055-2 $8Eisenbahnstrecke [Ts1] $9287720071 044K $RElbing $#Elbing $#Elbing Elbląg $71028071-6 $8Elbląg [Tg1] $9042042631 044K $RBraunsberg (Ostpreußen) $74089990-1 $8Braniewo [Tg1] $9085251917 044K $RNebenbahn $#Kreisbahn Eisenbahn $#Lokalbahn $#Vizinalbahn $#Kleinbahnen $74031037-1 $8Kleinbahn [Ts1] $9085082228 045F $a910.94383209034 $eDDC23BSB 045F/01 $a910 045F/03 $f09034 045F/03 $f09044 045F/03 $g43832 045R $aGeschichte 1896-1945 lok: 50992203 24 exp: 50992203 24 1 #EPN 201B/01 $016-08-23 $t07:47:48.000 201C/01 $026-07-23 201U/01 $0utf8 203@/01 $01240114710 208@/01 $a16-08-23 $bz 209A/01 $a23.02779 $du $f050 $h23 02779 $x00 209C/01 $a23.02779 K $h23 02779 K 209G/01 $a74799850 $x00 220C/01 $abar/hae 247C/01 $8358050-7Marburg, Bibliothek des Herder-Instituts Marburg $9102600961 lok: 50992203 78 exp: 50992203 78 1 #EPN 201B/01 $007-02-24 $t11:12:51.000 201C/01 $007-02-24 201U/01 $0utf8 203@/01 $01255755660 208@/01 $a07-02-24 $be 209A/01 $a/ $f000 $x00 209A/01 $ab*p $x01 220C/01 $apgar 244Z/01 $#Generalgouvernement Polen $#Polska $#Rzeczpospolita Polska $#Polska Rzeczpospolita Ludowa $#Poland $#Pologne $#République Polonaise $#Generalne Gubernatorstwo w Polsce $#Polish People's Republic $#Polska Rzeczpospolita Polen $#PRL $#RP $#Polen Generalgouvernement $#Polska Generalgouvernement $#Besetzte Polnische Gebiete $#Besetztes Gebiet in Polen $#Okupowane Polskie Obszary $#Obszary Okupowane w Polsce $#Volksrepublik Polen $#Polska Rosyjska $#Republic Polen $#Respublika Pol'ša $#Pol'skaja Narodnaja Respublika $#République de Pologne $#Polen Links der Weichsel $#Polska po Lewej Stronie Wisły $#Lenkija $#Polija $#Gubernija Carstva Pol'skago $#Republik Polen $74046496-9 $8--Tg1--Polen $x01 $9085129801 244Z/01 $#Preußen $#Preußen $#Brandenburg-Preußen $#Königreich Preußen $#Preußische Staaten $#Preußischer Staat $#Der @Preußische Staat $#Königlich Preußische Staaten $#Prusy Królewskie $#Königlich Preußen $#Prussia $74047194-9 $8--Tg1--Preußen $x06 $9085131652 247C/01 $82080>Marburg/Lahn, Herder-Institut, Forschungsbibliothek, Bibliographieportal $9336309341
| LEADER | 00000cam a2200000 c 4500 | ||
|---|---|---|---|
| 001 | 509922031 | ||
| 003 | DE-603 | ||
| 005 | 20241212025021.0 | ||
| 007 | tu | ||
| 008 | 230726s2020 xx |||| | u00||u|pol c | ||
| 020 | |a 9788395738463 | ||
| 035 | |a (DE-599)BVBBV047506436 | ||
| 040 | |a DE-603 |b ger |c DE-603 |d DE-603 |e rda | ||
| 041 | |a pol | ||
| 082 | 0 | 4 | |8 1\u |a 910.94383209034 |q DE-101 |2 23/BSB |
| 085 | |8 1\u |b 910 | ||
| 085 | |8 1\u |z 1 |s 09034 | ||
| 085 | |8 1\u |z 1 |s 09044 | ||
| 085 | |8 1\u |z 2 |s 43832 | ||
| 100 | 1 | |a Pasewicz-Rybacka, Magdalena |e Verfasser |4 aut |0 (DE-603)510646557 | |
| 245 | 0 | 0 | |a Haffuferbahn |b Historia Kolei Nadzalewowej do 1945 roku |c Magdalena Pasewicz-Rybacka |
| 250 | |a 1. Auflage | ||
| 264 | 1 | |a Grajewo |b Eko-Dom |c 2020 | |
| 300 | |a 141 Seiten |b Illustrationen, Karten | ||
| 336 | |a Text |b txt |2 rdacontent | ||
| 336 | |a unbewegtes Bild |b sti |2 rdacontent | ||
| 337 | |a ohne Hilfsmittel zu benutzen |b n |2 rdamedia | ||
| 338 | |a Band |b nc |2 rdacarrier | ||
| 500 | |a Literaturverzeichnis Seite 135-139 | ||
| 648 | 7 | |a Geschichte 1896-1945 |2 gnd | |
| 650 | 7 | |a Eisenbahnstrecke |0 (DE-588)7850055-2 |0 (DE-603)287720071 |2 gnd | |
| 650 | 7 | |a Kleinbahn |0 (DE-588)4031037-1 |0 (DE-603)085082228 |2 gnd | |
| 651 | 7 | |a Elbląg |0 (DE-588)1028071-6 |0 (DE-603)042042631 |2 gnd | |
| 651 | 7 | |a Braniewo |0 (DE-588)4089990-1 |0 (DE-603)085251917 |2 gnd | |
| 856 | 4 | 2 | |m V:DE-603;B:DE-Mb50 |q application/pdf |u http://scans.hebis.de/HEBCGI/show.pl?50992203_toc.pdf |3 Inhaltsverzeichnis |
| 856 | 4 | 2 | |m V:DE-603;B:DE-Mb50 |q application/pdf |u http://scans.hebis.de/HEBCGI/show.pl?50992203_sum.pdf |3 Abstract |
| 856 | 4 | 2 | |m V:DE-603;B:DE-Mb50 |q application/pdf |u http://scans.hebis.de/HEBCGI/show.pl?50992203_cov.pdf |3 Cover |
| 856 | 4 | 2 | |m V:DE-603;B:DE-Mb50 |q application/pdf |u http://scans.hebis.de/HEBCGI/show.pl?50992203_bib.pdf |3 Buch Bibliographie |
| 924 | 0 | |9 Mb 50 |a (DE-603)1240114710 |b DE-Mb50 |c HES |d c |g 23.02779 | |
| 924 | 0 | |9 2080 |a (DE-603)1255755660 |b DE-2080 |c HES |d d |g / | |


